Из истории Западной Сибири: научные труды; Вып. 31; Памятники Андроновской культуры; Система учета труда приписных крестьян на Алтайских заводах; Связи революционной народнической ссылки с населением Сибири; Крестьянская промышленность Сибири в 60-90-х гг. XIX в.; К вопросу о "бийских листовках" и начале деятельности Бийской группы РСДРП; Сибирское бюро ЦК РКП(б) - организатор революционной борьбы рабочих за освобождение Урала от колчаковщины (январь-октябрь 1919 года); Борьба Сиббюро ЦК РКП(б) против троцкизма (1923-1924 гг.); Роль печати в деятельности ЦКК - РКИ по совершенствованию советского государственного аппарата (1923-1925 гг.); К истории сибирской политической ссылки 1830-1840 гг.

Bibliographic Details
Corporate Author: Новосибирский государственный педагогический институт (НГПИ)
Other Authors: Ушакова Л. А. (редактор)
Language:Russian
Published: Новосибирск, Изд-во Новосибирского гос. пед. ин-та, 1969
TOC:Т. Н. Троицкая, Памятники Андроновской культуры;
О. С. Тальская, Система учета труда приписных крестьян на Алтайских заводах;
Л. А. Ушакова, Связи революционной народнической ссылки с населением Сибири;
Е. И. Соловьева, Крестьянская промышленность Сибири в 60-90-х гг. XIX в.;
А. Д. Козлов, К вопросу о "бийских листовках" и начале деятельности Бийской группы РСДРП;
А. М. Шиндин, Сибирское бюро ЦК РКП(б) - организатор революционной борьбы рабочих за освобождение Урала от колчаковщины (январь-октябрь 1919 года);
И. Н. Юрасов, Борьба Сиббюро ЦК РКП(б) против троцкизма (1923-1924 гг.);
Е. И. Матханова, Роль печати в деятельности ЦКК - РКИ по совершенствованию советского государственного аппарата (1923-1925 гг.);
Б. Г. Кокошко, К истории сибирской политической ссылки 1830-1840 гг.;
Subjects:
Format: MixedMaterials Book
KOHA link:https://koha.lib.tpu.ru/cgi-bin/koha/opac-detail.pl?biblionumber=16000

MARC

LEADER 00000nam0a2200000 4500
001 16000
005 20231030190407.0
035 |a (RuTPU)RU\TPU\book\16119 
035 |a BOOK00000807 
090 |a 16000 
100 |a 20011209d1969 k y0rusy50 ca 
101 0 |a rus 
102 |a RU 
105 |a y z 001zy 
200 1 |a Из истории Западной Сибири  |e научные труды  |h Вып. 31  |f Новосибирский государственный педагогический институт (НГПИ) ; под ред. Л. А. Ушаковой 
210 |a Новосибирск  |c Изд-во Новосибирского гос. пед. ин-та  |d 1969 
215 |a 153 с. 
320 |a Библиография в примечаниях в конце статей. 
464 |t Памятники Андроновской культуры  |o по материалам Новосибирской археологической экспедиции  |f Т. Н. Троицкая 
464 |t Система учета труда приписных крестьян на Алтайских заводах  |o по нумизматическим памятникам  |f О. С. Тальская 
464 |t Связи революционной народнической ссылки с населением Сибири  |f Л. А. Ушакова 
464 |t Крестьянская промышленность Сибири в 60-90-х гг. XIX в.  |f Е. И. Соловьева 
464 |t К вопросу о "бийских листовках" и начале деятельности Бийской группы РСДРП  |f А. Д. Козлов 
464 |t Сибирское бюро ЦК РКП(б) - организатор революционной борьбы рабочих за освобождение Урала от колчаковщины (январь-октябрь 1919 года)  |f А. М. Шиндин 
464 |t Борьба Сиббюро ЦК РКП(б) против троцкизма (1923-1924 гг.)  |f И. Н. Юрасов 
464 |t Роль печати в деятельности ЦКК - РКИ по совершенствованию советского государственного аппарата (1923-1925 гг.)  |f Е. И. Матханова 
464 |t К истории сибирской политической ссылки 1830-1840 гг.  |o письма Х. М. Дружинина, Д. П. Таптыкова  |f Б. Г. Кокошко 
610 1 |a история 
610 1 |a Сибирь 
610 1 |a Западная Сибирь 
610 1 |a археология 
610 1 |a промышленность 
610 1 |a крестьянство 
610 1 |a политическая ссылка 
610 1 |a политические отношения 
686 |a Т3(253)  |v LBC/SL-A  |2 rubbk 
702 1 |a Ушакова  |b Л. А.  |4 340 
712 0 2 |a Новосибирский государственный педагогический институт (НГПИ)  |2 stltpush  |3 (RuTPU)RU\TPU\col\8026 
801 0 |a RU  |b 63413507  |c 20011209  |g PSBO 
801 2 |a RU  |b 63413507  |c 20120531  |g PSBO 
942 |c BK